00477 2200169 4500001002100000008004100021035002000062245005300082100001600135260004300151300001200194020002200206084001600228082000800244650003600252990001900288INLIS000000000001000 ind  a0010-0724001000 aMenentukan Posisi Dan Mengolah DatacAndrew King aAndrew King aJakarta :bPT Gading Inti Prima,c2010 a60 hlm. a978-602-8608-67-1 a519.3 AND m a519 aTeori Permainan Untung-untungan aP29/CP/24/1000